| 000 | 00921nam a2200301 a 4500 | ||
|---|---|---|---|
| 001 | vtls000184946 | ||
| 003 | NLI | ||
| 005 | 20210602111311.0 | ||
| 008 | 101125s1975 ii m 001 0 eng | ||
| 020 | _cRs. 30.00 | ||
| 039 | 9 |
_y201011252220 _zVLOAD |
|
| 040 |
_aNLI _beng _cDatasoft 1 _eAACR2 |
||
| 041 | 0 | _aeng | |
| 044 | _aii | ||
| 082 | 0 | 4 | _a332.80954 |
| 100 | 1 |
_aRoy, Asishkumar, _d1930- _9359738 |
|
| 245 | 1 | 4 |
_aThe structure of interest rates in India / _cAsishkumar Roy |
| 260 |
_aCalcutta : _bWorld press, _c1975 |
||
| 300 |
_axi, 130 p. ; _c23 cm. |
||
| 500 | _aA revision of the author's thesis, University of Calcutta | ||
| 504 | _aIncludes bibliographical references and index | ||
| 650 | 0 |
_aInterest rates _zIndia _9359739 |
|
| 887 | _a | ||
| 901 |
_aDB28197 _b29.10.1975 |
||
| 902 | _aE 332.80954 R 812 | ||
| 942 |
_2ddc _cBKS |
||
| 949 |
_AVIRTUAITEM _D10000 _X100 _6DBA000028197ENG |
||
| 999 |
_aVIRTUA40 _c190992 _d190992 |
||